00760pam a2200193 a 4500020001500000082002700015100002900042245008400071250001200155260005300167300003200220500009300252526003700345650002900382700002900411942001200440999001900452952009500471 a013624990600a519.4bMATcL-38, P-281 aMathews, John H.,93945210aNumerical methods for mathematics, science, and engineering /cJohn H. Mathews. a2nd ed. aEnglewood Cliffs, N.J. :bPrentice Hall,cc1992. ax, 646 p. :bill. ;c24 cm. aRev. ed. of: Numerical methods for computer science, engineering, and mathematics. 1987. a0b0c0d519_400000000000000_MAT 0aNumerical analysis.91031 aMathews, John H.,939452 2ddccBK c543946d543946 00102ddc4070aMCEbMCEd2014-04-08l0o519.4 MATpMCE-29599r2014-04-08w2014-04-08yBK